Los robots.
Guardado en:
| Formato: | |
|---|---|
| Series: | Multitalento Microchip
|
| Materias: | |
| Etiquetas: |
Agregar Etiqueta
Sin Etiquetas, Sea el primero en etiquetar este registro!
|
| LEADER | 00824ngm a22002295g 4500 | ||
|---|---|---|---|
| 001 | CEM.cems021547 | ||
| 008 | 130507b1992##################0###0#####d | ||
| 005 | 20240828134353.0 | ||
| 245 | 0 | 0 | |a Los robots. |
| 300 | |a 28 | ||
| 490 | 0 | |a Multitalento Microchip | |
| 500 | |a En soporte VHS, consultar en ventanilla. | ||
| 505 | 0 | |a Robots y sensores. Robots mecánicos. Ordenadores de los robots. Funcionamiento y utilidad. Observadores microelectrónicos. Viajes espaciales. | |
| 538 | |a Soporte: VHS - Norma: Pal N - Color - Grabación Drd 1992 - Hitachi=4213 | ||
| 082 | 0 | 0 | |. 6/MUL |
| 653 | |a ELECTRONICA | ||
| 653 | |a ELECTRONICA APLICADA | ||
| 653 | |a COMPUTACION APLICADA | ||
| 653 | |a ROBOTS | ||
| 653 | |a SENSORES | ||
| 653 | |a NIVEL SECUNDARIO | ||
| 859 | |a CEMS |b BIB. CEMS - Depto. Recursos Didacticos |h 001.6 |i MUL |k DRD |p 190.12 |t Ej.1 | ||
